[Event "Terres Catalanes"]
[Site "Manresa"]
[Date "1996.??.??"]
[Round "2"]
[White "Psakhis, Lev"]
[Black "Cifuentes Parada, Roberto"]
[Result "1/2-1/2"]
[WhiteElo "2590"]
[BlackElo "2500"]
[Annotator "Horvath,Ta"]
[PlyCount "55"]
[EventDate "1996.09.??"]
[EventType "tourn"]
[EventRounds "9"]
[EventCountry "ESP"]
[EventCategory "9"]
[SourceTitle "CBM 056"]
[Source "ChessBase"]
[SourceDate "1997.02.01"]
[SourceVersion "1"]
[SourceVersionDate "1997.02.01"]
[SourceQuality "1"]

1. e4 c5 2. Nf3 Nc6 3. d4 cxd4 4. Nxd4 Nf6 5. Nc3 e6 6. Ndb5 d6 7. Bf4 e5 8.
Bg5 a6 9. Na3 Be6 10. Nc4 Rc8 11. Nd5 Bxd5 12. Bxf6 gxf6 13. Qxd5 Nd4 14. O-O-O
Qe7 15. c3 Rc5 16. Nxd6+ Qxd6 17. Qxd6 Bxd6 18. Kb1 Ke7 19. cxd4 exd4 20. Bd3
b5 $5 (20... Rhc8 {Enders-Sermek/Ptuj/1995/CBM/47}) 21. g3 a5 22. Rc1 Rb8 23.
f4 h5 24. Rxc5 Bxc5 25. Be2 (25. Re1 $1 Bd6 26. e5 fxe5 27. fxe5 Bc7 (27... Bc5
28. Rc1 $1 $14) 28. Re4 Rd8 $1 29. Bxb5 d3 30. Kc1 d2+ 31. Kd1 Rd5 32. Bc4 Rxe5
33. Rd4 $14) 25... h4 26. gxh4 Bd6 27. Rf1 Rg8 28. Bxb5 1/2-1/2

[Event "EU-Cup 13th Group2"]
[Site "Eupen"]
[Date "1997.09.24"]
[Round "3"]
[White "Krakops, Maris"]
[Black "Wilson, Jonathan"]
[Result "1-0"]
[WhiteElo "2530"]
[BlackElo "2315"]
[Annotator "Horvath,Ta"]
[PlyCount "69"]
[EventDate "1997.09.22"]
[EventType "team-k.o."]
[EventRounds "3"]
[EventCountry "BEL"]
[SourceTitle "EXT 2020"]
[Source "ChessBase"]
[SourceDate "2019.10.17"]
[SourceVersion "1"]
[SourceVersionDate "2019.10.17"]
[SourceQuality "1"]
[WhiteTeam "Liepaja Baltika"]
[BlackTeam "London Barbican"]
[WhiteTeamCountry "LAT"]
[BlackTeamCountry "ENG"]

1. e4 c5 2. Nf3 e6 3. Nc3 Nc6 4. d4 cxd4 5. Nxd4 Nf6 6. Ndb5 d6 7. Bf4 e5 8.
Bg5 a6 9. Na3 b5 10. Nd5 Be7 11. Bxf6 Bxf6 12. c3 O-O 13. Nc2 Bg5 14. a4 bxa4
15. Rxa4 Bb7 16. Bc4 Na5 17. Ba2 Bc6 18. Ra3 Bb5 19. b3 (19. Nde3 Rc8 20. b4
Bxe3 21. Nxe3 Nc4 22. Bxc4 Bxc4 23. Nxc4 Rxc4 24. Qd5 Qc8 25. O-O {[%emt 0:00:
41] 1/2-1/2 Zagrebelny,S-Beshukov,S/Alushta3 1994/CBM}) 19... Kh8 (19... Nb7
20. b4 a5 21. Bb3 (21. c4 $6 Bd7 22. O-O axb4 23. Rxa8 Qxa8 24. Ncxb4 $10 {
Sveshnikov-Iskusnyh/Kemerovo/1995}) 21... Bh6 22. Ra1 Qg5 23. g3 $13 {
Shabalov-Reinderman/Capelle/1995}) 20. c4 Bc6 (20... Bd7 21. O-O f5 $13) 21.
O-O Bb7 22. b4 Nc6 23. Qg4 Bc8 24. Qe2 Ne7 25. c5 Nxd5 26. Bxd5 Rb8 27. Qc4 (
27. c6 f5 $13) 27... dxc5 28. bxc5 Qc7 29. Nb4 Be7 30. Nd3 Bd7 31. Rc1 $2 (31.
Bxf7 Bb5 32. Qe6 Bxc5 (32... Bxd3 33. Rxd3 Bxc5 34. Rd7 Qa5 $13) 33. Nxe5 h6
34. Ng6+ Kh7 35. Nxf8+ Rxf8 36. Bg6+ Kh8 37. Rf3 Bxf1 38. Rxf8+ Bxf8 39. Kxf1
Qc1+ 40. Ke2 Qc2+ 41. Kf3 Qd3+ $10) 31... Bb5 32. Qc2 Bxd3 33. Rxd3 Qxc5 34.
Qxc5 Bxc5 35. Rb3 $15 1-0

[Event "Nussloch"]
[Site "Nussloch"]
[Date "1996.??.??"]
[Round "2"]
[White "Kindermann, Stefan"]
[Black "Lobron, Eric"]
[Result "0-1"]
[WhiteElo "2575"]
[BlackElo "2590"]
[Annotator "Horvath,Ta"]
[PlyCount "70"]
[EventDate "1996.??.??"]
[EventType "tourn"]
[EventRounds "11"]
[EventCountry "GER"]
[EventCategory "15"]
[SourceTitle "CBM 053"]
[Source "ChessBase"]
[SourceDate "1996.08.01"]
[SourceVersion "1"]
[SourceVersionDate "1996.08.01"]
[SourceQuality "1"]

1. e4 {Petursson} c5 2. Nf3 e6 3. d4 cxd4 4. Nxd4 Nf6 5. Nc3 Nc6 6. Ndb5 d6 7.
Bf4 e5 8. Bg5 a6 9. Na3 b5 10. Bxf6 gxf6 11. Nd5 Bg7 12. Bd3 Ne7 13. Nxe7 Qxe7
14. c3 f5 15. O-O (15. Nc2 Qb7 $5 {Dolmatov-Topalov/Groningen/1993} (15... Qg5
{Leko-Magem Badals/Pamplona/1993}) (15... Bb7 16. Ne3 $5 fxe4 17. Nf5 Qf6 18.
Bxe4 d5 19. Bxd5 Rd8 20. Qg4 Rxd5 $44 {Todorov-Spasov/Bulgaria/1995})) 15...
Bb7 16. exf5 (16. Re1 O-O (16... fxe4 $6 17. Bxe4 d5 $2 18. Bxd5 Rd8 19. Qg4
$18) 17. exf5 Qg5 (17... b4 $5 18. Nc2 (18. cxb4 d5 $44) 18... bxc3 19. bxc3 d5
$13) 18. g3 d5 19. Nc2 e4 20. Bf1 Qxf5 21. a4 bxa4 22. Rxa4 Qg6 23. Rb4 $14 {
V.Gurevic-Iskusnyh /Orel/1995}) 16... Qg5 17. g3 (17. f3 $5 Bh6 (17... O-O-O
18. Nc2 Rhg8 19. Rf2 d5 20. a4 e4 21. axb5 $1 exd3 22. bxa6 dxc2 23. axb7+ Kxb7
24. Qxc2 {Gi.Hernandez}) 18. Rf2 Qh5 $2 (18... Qh4 $1 19. Nc2 Rg8 20. Bf1 $13)
19. Bxb5+ $1 Ke7 (19... axb5 20. Qxd6 $18 {Gi.Hernandez-Espinosa/San Salvador/
1995}) 20. f6+ $18) 17... h5 18. h4 Qe7 19. Be2 $2 (19. Nc2 e4 20. Re1 d5 21.
a4 Be5 22. Bf1 Rg8 23. Bg2 {Weis hat ein wichtiges Tempo mehr als in der
partie, das Opfer auf "g3" ist jetz nicht so Stark.}) 19... e4 20. Re1 (20.
Bxh5 Be5 21. Nc2 Rg8 $17) 20... Be5 $1 21. Bf1 Rg8 22. Bg2 Bxg3 $1 23. fxg3
Rxg3 24. Nc2 O-O-O 25. Ne3 Qxh4 26. Qd2 Rdg8 27. Qf2 Qh3 28. Kf1 (28. Re2 $2
Rf3 29. Qe1 Rxe3 $19) 28... Qh2 (28... Rxg2 {Petursson} 29. Nxg2 e3 30. Rxe3
Qh1+ 31. Qg1 Bxg2+ 32. Kf2 Qh4+ 33. Ke2 Bf3+ 34. Rxf3 Rxg1 35. Rxg1 Qh2+ 36.
Kf1 Qxb2 $19) 29. Rad1 h4 30. Rd4 h3 31. Bxe4 Rg1+ 32. Ke2 Qxf2+ 33. Kxf2 Rxe1
34. Kxe1 Bxe4 35. Nf1 Rg1 0-1

[Event "Leon"]
[Site "Leon"]
[Date "1996.??.??"]
[Round "2"]
[White "Polgar, Judit"]
[Black "Illescas Cordoba, Miguel"]
[Result "1-0"]
[WhiteElo "2675"]
[BlackElo "2635"]
[Annotator "Horvath,Ta"]
[PlyCount "81"]
[EventDate "1996.06.??"]
[EventType "tourn"]
[EventRounds "6"]
[EventCountry "ESP"]
[EventCategory "17"]
[SourceTitle "CBM 054"]
[Source "ChessBase"]
[SourceDate "1996.10.01"]
[SourceVersion "1"]
[SourceVersionDate "1996.10.01"]
[SourceQuality "1"]

1. e4 {Baburin} c5 2. Nf3 Nc6 3. d4 cxd4 4. Nxd4 Nf6 5. Nc3 e5 6. Ndb5 d6 7.
Bg5 a6 8. Na3 b5 9. Nd5 Be7 10. Bxf6 Bxf6 11. c3 O-O 12. Nc2 Rb8 13. h4 {
Baburin: This move is designed not only to take away the g5-square from the
bishop, but also to prepare the following favourable exchange.} g6 {Eine
Alternative ist Ne7,=> Kasparov-Kramnik/CBM/43;Kasparov-LautierCBM/45} 14. g3
Be6 (14... h5 $5) 15. Bh3 {Baburin: The point of the previous play.} Bg7 (15...
Bxd5 16. Qxd5 Ne7 17. Qd3 d5 $14) 16. h5 a5 17. Nce3 Qg5 $6 (17... Ne7 18. hxg6
hxg6 19. Bxe6 $6 (19. Qd3 Nxd5 20. Nxd5 Qd7 $13) (19. Nxe7+ Qxe7 20. Qd3 $14)
19... fxe6 20. Nxe7+ Qxe7 21. Qg4 Qf6 $13) 18. Nc7 $1 {Baburin: This manoeuvre
forces the exchange of the light-squared bishops, which increases White's
control over the critical d5-square.} Bxh3 19. Rxh3 Rfd8 20. Kf1 $1 b4 21. Ncd5
Rdc8 22. Qa4 $1 bxc3 23. bxc3 Qd8 24. Kg2 $16 Ne7 25. hxg6 hxg6 26. Rhh1 Nxd5
27. Nxd5 {Baburin: White is strategically winning here, having a glorious
knight on d5 vs an inefficient bishop.} Rc5 28. Rab1 Rxb1 29. Rxb1 Qa8 30. c4
Bf8 31. Qd7 Qc8 32. Qa7 $1 $18 Rxd5 (32... Kg7 33. Rb8 Qe6 34. Qa8 Be7 35. Rh8
$18) (32... Rxc4 33. Rb8 Qe6 34. Qa8 $18) 33. cxd5 Qc2 34. Re1 Qxa2 35. Re3 Qa4
36. Rf3 Qe8 37. Qxa5 Qd7 38. Qa8 Kg7 39. Qc6 Qe7 40. Qc8 Qa7 41. Rb3 1-0

[Event "RUS-ch m1-2"]
[Site "Elista"]
[Date "1997.05.26"]
[Round "3.2"]
[White "Tiviakov, Sergei"]
[Black "Yakovich, Yuri"]
[Result "1/2-1/2"]
[WhiteElo "2600"]
[BlackElo "2575"]
[Annotator "Horvath,Ta"]
[PlyCount "75"]
[EventDate "1997.05.19"]
[EventType "k.o."]
[EventRounds "6"]
[EventCountry "RUS"]
[SourceTitle "CBM 059"]
[Source "ChessBase"]
[SourceDate "1997.08.01"]
[SourceVersion "1"]
[SourceVersionDate "1997.08.01"]
[SourceQuality "1"]

1. e4 c5 2. Nf3 Nc6 3. d4 cxd4 4. Nxd4 Nf6 5. Nc3 e5 6. Ndb5 d6 7. Bg5 a6 8.
Na3 b5 9. Nd5 Be7 10. Bxf6 Bxf6 11. c3 O-O 12. Nc2 Rb8 13. h4 Be7 {Eine solide
aber gute Idee,die bekannte Beispiele sind} (13... Ne7 {Kasparov-Kramnik/CBM/
43, Kasparov-Lautier/CBM/45}) (13... g6 $6 14. g3 Be6 15. h5 Bg7 16. Bh3 $14 {
Polgar,J-Illescas/Leon/1996}) 14. Nce3 Be6 15. g3 Qd7 16. Qf3 Bd8 $1 17. h5 h6
18. Nf5 (18. Bd3 Ne7 19. Nxe7+ Bxe7 20. O-O Bg5 $10) 18... Bxf5 19. Qxf5 (19.
exf5 $6 e4 $36) 19... Qxf5 20. exf5 Ne7 $10 21. Nxe7+ Bxe7 22. Bg2 Rfc8 23. O-O
Kf8 24. Rfd1 b4 25. cxb4 Rxb4 26. Rac1 Rbc4 27. Rxc4 Rxc4 28. Bf1 Rc2 29. Bxa6
Rxb2 30. Bc4 Rc2 31. Bb3 Rc6 32. Rd5 Bd8 33. Rb5 Rb6 34. Rxb6 Bxb6 35. Kg2 f6
36. f3 d5 37. Bxd5 Ke7 38. Kf1 1/2-1/2

[Event "Ptuj zt"]
[Site "Ptuj"]
[Date "1995.??.??"]
[Round "8"]
[White "Enders, Peter"]
[Black "Sermek, Drazen"]
[Result "1-0"]
[WhiteElo "2480"]
[BlackElo "2515"]
[Annotator "Horvath,Ta"]
[PlyCount "113"]
[EventDate "1995.04.??"]
[EventType "tourn"]
[EventRounds "15"]
[EventCountry "SLO"]
[EventCategory "10"]
[SourceTitle "CBM 047"]
[Source "ChessBase"]
[SourceDate "1995.08.01"]
[SourceVersion "1"]
[SourceVersionDate "1995.08.01"]
[SourceQuality "1"]

1. e4 c5 2. Nf3 e6 3. d4 cxd4 4. Nxd4 Nf6 5. Nc3 Nc6 6. Ndb5 d6 7. Bf4 e5 8.
Bg5 a6 9. Na3 Be6 10. Nc4 Rc8 11. Nd5 Bxd5 12. Bxf6 gxf6 13. Qxd5 Nd4 (13... b5
14. Ne3 Bh6 15. Nf5 $1 Nb4 16. Nxd6+ Kd7 17. Qxf7+ (17. Bxb5+ axb5 18. Qxb5+
Rc6 19. Nxf7 Qb6 20. Rd1+ Ke6 21. Qxb6 Nxc2+ 22. Kf1 Rxb6 23. Nxh6 $18 {Simic})
17... Kc6 18. Qb7+ Kc5 19. Rd1 Nxc2+ 20. Ke2 Nd4+ 21. Rxd4 $18 {Smagin-Kharlov/
EU Cup/1991}) (13... Nb4 14. Qd2 d5 15. exd5 Nxc2+ 16. Qxc2 Bb4+ 17. Kd1 Qxd5+
18. Bd3 O-O 19. f3 Rfd8 20. Ke2 e4 $1 21. fxe4 Qh5+ $44 {Maksimovic-Skoko/
Belgrad/1991}) 14. O-O-O (14. Bd3 Qe7 15. b4 Qe6 16. Ne3 $13 {Leko-Morovic/
Leon/1993}) 14... Qe7 15. Kb1 $1 Rc5 16. Nxd6+ $1 Qxd6 17. Qxd6 Bxd6 18. c3 $16
Ke7 19. cxd4 exd4 20. Bd3 (20. Rxd4 $2 Rhc8 21. Rd1 (21. Bd3 Bf4) 21... Rc2 $17
) 20... Rhc8 21. g3 h6 22. Rhe1 Rh5 (22... Kf8 $142 {/\Kg7}) 23. h4 Rhc5 24.
Re2 R5c7 25. Bc2 Bc5 26. e5 fxe5 27. Rxe5+ Kf8 28. Bd3 Re8 29. Rd5 a5 30. a3 b6
31. Rf5 Kg7 32. Ka2 Re6 33. Kb3 Rf6 34. Rxf6 Kxf6 35. Ka4 Re7 36. Bf1 Re4 37.
Bd3 Re7 38. Rc1 Re6 39. b4 $1 axb4 40. axb4 Be7 41. Rc7 Rd6 (41... Re1 42. Rc6+
Kg7 43. Rxb6 Rd1 44. Rb7 Kf6 45. Be4 d3 46. Rd7 d2 47. Bc2 $18) 42. Kb3 Bd8 43.
Rc8 Ke7 44. Kc4 Rd7 45. Rb8 Rd6 46. Be4 Ke6 47. f4 Bf6 48. Kd3 Bd8 49. b5 Ke7
50. g4 Ke6 51. g5 hxg5 52. hxg5 Rd7 53. Bc6 Rd6 54. Rb7 f5 55. g6 Be7 (55...
Bf6 56. g7 Rd8 57. Kc4 d3 58. Bd5+ Kd6 59. Rxb6+ Ke7 60. Re6+ $1 (60. g8=Q Rxg8
61. Bxg8 $2 d2) 60... Kf7 61. g8=Q+ Rxg8 62. Rd6+ $18) 56. g7 Rd8 57. Rxe7+ 1-0

[Event "Olomouc After GP Mladi"]
[Site "Olomouc"]
[Date "1997.??.??"]
[Round "9"]
[White "Berzinsh, Roland"]
[Black "Balinov, Ilia"]
[Result "1/2-1/2"]
[WhiteElo "2440"]
[BlackElo "2560"]
[Annotator "Horvath,Ta"]
[PlyCount "91"]
[EventDate "1997.08.05"]
[EventType "tourn"]
[EventRounds "11"]
[EventCountry "CZE"]
[EventCategory "10"]
[SourceTitle "CBM 061"]
[Source "ChessBase"]
[SourceDate "1997.11.23"]
[SourceVersion "1"]
[SourceVersionDate "1997.11.23"]
[SourceQuality "1"]

1. e4 c5 2. Nc3 Nc6 3. Nge2 Nf6 4. d4 cxd4 5. Nxd4 e5 6. Ndb5 d6 7. Bg5 a6 8.
Na3 b5 9. Nd5 Be7 10. Bxf6 Bxf6 11. c3 O-O 12. Nc2 Bg5 13. a4 bxa4 14. Rxa4 a5
15. Bc4 Rb8 16. b3 Kh8 17. O-O {17...-f5 ist heute schon ein bißchen
altmodisch,aber spielbahr.} g6 18. Qd3 (18. Kh1 Bh6 19. Nce3 Bg7 20. Qd2 f5 21.
exf5 gxf5 22. f4 exf4 23. Nxf4 Ne5 24. Bd5 Bh6 25. g3 Bd7 26. Raa1 Rf6 27. Nc2
Rb5 28. Ne3 Qc7 29. Qd4 Bc6 30. Rab1 Qb7 31. c4 Rb4 32. Bxc6 Qxc6+ {Erneste,
I-Cinar,N/EU-chTW 1997/EXP 57/1-0 (46)}) 18... f5 (18... Bd7 19. Raa1 f5 20.
Rfd1 Bh6 21. Nde3 Rf6 22. f3 Ne7 23. Kh1 Bf4 24. b4 a4 25. Nd5 Nxd5 26. Bxd5
Qf8 27. g3 Bg5 28. c4 f4 29. g4 h5 30. gxh5 Qh6 31. b5 Qxh5 32. Rxa4 Bh4 33.
Rda1 {Shirov,A-Kramnik,V/Monaco blind 1995/EXP 46/1-0 (54)}) 19. Rd1 (19. f3
fxe4 20. fxe4 Rxf1+ 21. Qxf1 Be6 22. Kh1 Rb7 23. Ra1 Rf7 24. Qe2 Qf8 25. Kg1
Qb8 26. Rf1 Qa7+ 27. Kh1 Rxf1+ 28. Qxf1 Kg7 29. g3 h5 30. h4 Bd8 31. Nce3 Nb8
32. Kg2 Nd7 33. Qf2 Nc5 34. b4 a4 35. bxc5 Qxc5 36. Ba2 a3 37. Qf1 Qa7 38. Qb5
Qf7 39. Qb8 Bg4 40. Qxd8 {1-0 Sluka,R-Vodicka,V/CZE-chT qual 1995/EXT 95ch})
19... Bh6 20. b4 fxe4 (20... Qh4 $5 21. f3 $13 (21. exf5 $2 Bxf5 22. Qe2 Bxc2
$19)) 21. Qxe4 Bf5 22. Qe2 Bxc2 (22... axb4 23. Ncxb4 Nxb4 24. cxb4 $14) 23.
Qxc2 axb4 24. Nxb4 Nxb4 25. cxb4 Qb6 {/\Rf2!} 26. Ra6 Qxb4 27. Be6 $1 (27.
Raxd6 $2 Rbc8 $19) 27... Rb6 28. Ra7 Qb2 29. Ra2 Qxc2 30. Rxc2 Rfb8 31. g3 Rb1
32. Rxb1 Rxb1+ 33. Kg2 Bc1 (33... Rb6 34. Rc8+ Kg7 35. Rc7+ $10) 34. Ba2 Ra1
35. Rc8+ Kg7 36. Rc7+ Kf8 37. Bd5 Ra5 38. Be6 Rc5 39. Rxh7 d5 40. h4 d4 41.
Rf7+ Ke8 42. Rg7 Rc2 43. Bf7+ Kf8 44. Bxg6 Rxf2+ 45. Kxf2 Kxg7 46. Be4 1/2-1/2

[Event "Budapest zt-B"]
[Site "Budapest"]
[Date "1993.??.??"]
[Round "3"]
[White "Topalov, Veselin"]
[Black "Spasov, Vasil"]
[Result "1/2-1/2"]
[WhiteElo "2635"]
[BlackElo "2520"]
[Annotator "Horvath,Ta"]
[PlyCount "59"]
[EventDate "1993.03.??"]
[EventType "tourn"]
[EventRounds "11"]
[EventCountry "HUN"]
[EventCategory "9"]
[SourceTitle "CBM 034"]
[Source "ChessBase"]
[SourceDate "1993.06.01"]
[SourceVersion "1"]
[SourceVersionDate "1993.06.01"]
[SourceQuality "1"]

1. e4 c5 2. Nf3 Nc6 3. d4 cxd4 4. Nxd4 Nf6 5. Nc3 e5 6. Ndb5 d6 7. Bg5 a6 8.
Na3 b5 9. Bxf6 gxf6 10. Nd5 Bg7 11. Bd3 Ne7 12. Nxe7 Qxe7 13. c3 (13. c4 f5 14.
O-O O-O 15. Qh5 (15. Qf3 Re8 $5 16. Rfe1 f4 17. cxb5 Qg5 18. h3 d5 $1 19. exd5
f5 $44 {B. Pons-Vallejo Menorca 1993}) 15... Qb7 $5 16. Rfe1 d5 $1 17. exd5 e4
18. Bf1 Bxb2 19. Rab1 Bg7 $14 {Beljavskij-Spasov Debrecen 1992 inf. 56 / 179})
13... f5 14. Nc2 (14. exf5 $6 e4 15. O-O Bxf5 16. Qh5 Qe6 17. Rae1 O-O 18. Bb1
b4 19. cxb4 Bxb2 $17 {Brock-Chow,Albert Chicago 1991}) 14... Bb7 (14... Qb7 15.
Qf3 O-O 16. Ne3 f4 17. Nd5 Be6 18. g4 $1 Rae8 (18... f5 $2 19. gxf5 Rxf5 20.
Ne7+ $18) 19. Kf1 f5 $13 {Leko,P-Kuif Nettetal 1992}) 15. exf5 Qg5 $6 (15...
O-O 16. Qh5 e4 17. Be2 d5 18. O-O Rad8 19. Rfd1 Rd6 $13 {Koschelski-Schipkov
UdSSR 1987}) 16. Ne3 d5 17. O-O O-O (17... h5 18. Qe2 $1 $16 {
Nisipenau-Genescu Romania 1992}) 18. f4 $1 exf4 19. Qg4 Qxg4 20. Nxg4 f6 (20...
h5 21. f6 $16 Bh8) 21. Rxf4 Rfe8 22. a4 Bc6 23. axb5 axb5 24. Rxa8 Rxa8 25. Kf2
h5 26. Ne3 Bf8 27. Nd1 Ra4 28. Rxa4 bxa4 29. Be2 Bc5+ 30. Kg3 {30. ... d4 31.
Bxh5? dxc3 32. Nxc3 Bd4 33. Nd1 Bxb2!-+ ; 31. Bf3 Be8} 1/2-1/2

[Event "Helsinki op"]
[Site "Helsinki"]
[Date "1992.??.??"]
[Round "4"]
[White "Kovalev, Andrei"]
[Black "Beshukov, Sergei"]
[Result "1-0"]
[WhiteElo "2580"]
[BlackElo "2500"]
[Annotator "Horvath,Ta"]
[PlyCount "81"]
[EventDate "1992.09.??"]
[EventType "swiss"]
[EventRounds "9"]
[EventCountry "FIN"]
[SourceTitle "CBM 032"]
[Source "ChessBase"]
[SourceDate "1993.02.01"]
[SourceVersion "1"]
[SourceVersionDate "1993.02.01"]
[SourceQuality "1"]

1. e4 c5 2. Nf3 Nc6 3. d4 cxd4 4. Nxd4 Nf6 5. Nc3 e5 6. Ndb5 d6 7. Bg5 a6 8.
Na3 b5 9. Bxf6 gxf6 10. Nd5 Bg7 11. Bd3 (11. c4 f5 12. cxb5 Nd4 13. Bd3 O-O (
13... Be6 $1 14. Nc2 Nxc2+ 15. Bxc2 fxe4 16. Bxe4 O-O $13) 14. Nc2 $1 Nxc2+ 15.
Qxc2 Bb7 16. O-O Bxd5 17. exd5 $14 {Beljavski-Dolmatow Inf. 55}) 11... Ne7 12.
Nxe7 Qxe7 13. c4 f5 14. O-O (14. Qh5 d5 $1 15. cxd5 fxe4 {0:1 Psachis-Waiser
Paris 1990}) 14... O-O 15. Qe2 Bb7 16. Rad1 Rfd8 $2 (16... Rad8 $1 17. f3 fxe4
18. fxe4 f5 $1 19. Nc2 Kh8 $13 {Brunner-Chandler Bundesliga 1988}) 17. f3 f4 $6
(17... bxc4 18. Nxc4 f4 19. Na5 $14) 18. cxb5 axb5 19. Nxb5 Rxa2 20. Bc4 Raa8
21. Nc3 Qc7 22. Kh1 Qb6 23. Nd5 $16 Bxd5 24. Rxd5 Ra5 25. Rfd1 Rxd5 26. Bxd5
Rc8 27. Bc4 Qb4 28. b3 Bf8 29. Qf2 Qc5 30. Qh4 Rc7 31. Rg1 $1 d5 32. Qg5+ Bg7
33. Qd8+ Bf8 34. Qg5+ Bg7 35. exd5 Rd7 36. Qf5 Rd6 37. Ra1 Qf2 38. Bd3 e4 39.
Qc8+ Bf8 40. Bxe4 Qd4 41. Rg1 1-0

[Event "Ljubljana"]
[Site "Ljubljana"]
[Date "1997.??.??"]
[Round "6"]
[White "Peptan, Corina Isabela"]
[Black "Jelen, Igor"]
[Result "1-0"]
[WhiteElo "2425"]
[BlackElo "2405"]
[Annotator "Horvath,Ta"]
[PlyCount "81"]
[EventDate "1997.05.20"]
[EventType "tourn"]
[EventRounds "11"]
[EventCountry "SLO"]
[EventCategory "9"]
[SourceTitle "CBM 058 Extra"]
[Source "ChessBase"]
[SourceDate "1997.07.29"]
[SourceVersion "1"]
[SourceVersionDate "1997.07.29"]
[SourceQuality "1"]

1. e4 c5 2. Nf3 Nc6 3. d4 cxd4 4. Nxd4 Nf6 5. Nc3 e5 6. Ndb5 d6 7. Bg5 a6 8.
Na3 b5 9. Bxf6 gxf6 10. Nd5 Bg7 11. g3 f5 12. exf5 e4 13. c3 (13. f6 Bxf6 14.
Nxf6+ Qxf6 15. Qd5 O-O 16. c3 b4 17. Nc4 bxc3 18. Qxd6 Be6 19. Qf4 Qg7 20.
O-O-O Nb4 21. Qe5 Nxa2+ 22. Kb1 Qxe5 23. Nxe5 Bb3 {0-1 Ljubojevic,L-Kramnik,V/
Belgrade Invest 1995/CBM 51/[Ftacnik]}) 13... Ne5 14. Be2 (14. Qh5 Bb7 15. Rd1
b4 (15... Nf3+ 16. Ke2 O-O $13) 16. Nc4 Nf3+ 17. Ke2 bxc3 18. f6 Bxf6 19. Nxf6+
Qxf6 20. Nxd6+ Kf8 21. bxc3 Rb8 22. Qc5 Kg8 23. Nxb7 Kg7 24. Rd6 Qe7 25. Rg6+
Kf8 26. Qxe7+ Kxe7 27. Rb6 Rhd8 28. Bh3 Rd2+ 29. Ke3 Rxa2 30. Rd1 Rc2 31. Rd7+
Kf8 32. Rc7 Nd2 33. Rf6 {1-0 Madl,I-Arakhamia,K/Belgrade-W 1994/EXT 94}) 14...
Bxf5 15. Nc2 O-O 16. O-O Rb8 17. Qd2 Be6 18. Rad1 a5 19. b3 Qd7 (19... Ng6 $5
20. Nde3 Be5 21. f4 exf3 22. Bxf3 $13) 20. Nf4 Rfd8 21. Nh5 Bg4 $2 (21... Qe7
22. Nxg7 Kxg7 23. Qd4 f5 24. f4 exf3 25. Bxf3 Qf6 $13) 22. Nxg7 Bxe2 (22...
Kxg7 23. Qg5+ Kh8 24. Bxg4 Qxg4 25. Qxg4 Nxg4 $14 26. Rd4) 23. Qxe2 Nf3+ 24.
Kg2 Qg4 25. Nd4 $1 $16 Kxg7 26. Nxf3 exf3+ 27. Qxf3 Qxf3+ 28. Kxf3 Rbc8 29. Rd3
Rc5 30. Re1 Rdc8 31. Ree3 R8c6 32. Kg2 Kf6 33. Rd4 Kg7 34. Re7 Rf5 35. Rd3 b4
36. c4 Kf6 37. Ra7 Ke6 38. Re3+ Kf6 39. g4 Rg5 40. h3 h5 41. Rf3+ 1-0

[Event "RUS-Cup3"]
[Site "Omsk"]
[Date "1996.??.??"]
[Round "3"]
[White "Bezgodov, Alexei"]
[Black "Smirnov, Pavel"]
[Result "1-0"]
[WhiteElo "2490"]
[BlackElo "2330"]
[Annotator "Horvath,Ta"]
[PlyCount "73"]
[EventDate "1996.12.13"]
[EventType "swiss"]
[EventRounds "9"]
[EventCountry "RUS"]
[SourceTitle "CBM 057"]
[Source "ChessBase"]
[SourceDate "1997.04.01"]
[SourceVersion "1"]
[SourceVersionDate "1997.04.01"]
[SourceQuality "1"]

1. e4 c5 2. Nf3 Nc6 3. d4 cxd4 4. Nxd4 Nf6 5. Nc3 e5 6. Ndb5 d6 7. Bg5 a6 8.
Na3 b5 9. Nd5 Be7 10. Bxf6 Bxf6 11. c3 O-O {Wenn Schwarz will die Aufbau mit
Bb7 spielen, besser ist hier, ohne Bg5.} 12. Nc2 Bb7 13. Be2 Bg5 14. O-O Nb8
15. c4 bxc4 16. Bxc4 Nd7 17. Qe2 Nc5 18. a4 a5 19. b3 g6 20. Na3 Rc8 21. Nb5
Kh8 22. Rad1 Ne6 (22... f5 $5 23. exf5 gxf5 24. Ndc3 Be7 (24... Rf6 25. Nxd6
Rxd6 26. Qxe5+ Bf6 27. Qxd6 Qxd6 28. Rxd6 Bxc3 29. Rfd1 $14) 25. Nxd6 Bxd6 26.
Nb5 Rg8 $2 (26... Qg5 $1 27. f4 $1 exf4 (27... Qxg2+ 28. Qxg2 Bxg2 29. Kxg2 Bb8
$10) 28. Nxd6 $16) 27. f3 $16) 23. g3 Bh6 24. Ndc3 Qe7 25. Nd5 Qd8 26. Ndc3 Qe7
27. Rxd6 Nd4 28. Qd3 f5 29. Nd5 fxe4 30. Nxe7 exd3 31. Nxd4 Rcd8 32. Nb5 e4 33.
Bd5 e3 34. fxe3 Bxe3+ 35. Kg2 d2 36. Rxf8+ Rxf8 37. Bxb7 1-0

[Event "Madrid"]
[Site "Madrid"]
[Date "1994.??.??"]
[Round "3"]
[White "Magem Badals, Jordi"]
[Black "San Segundo Carrillo, Pablo"]
[Result "1-0"]
[WhiteElo "2505"]
[BlackElo "2470"]
[Annotator "Horvath,Ta"]
[PlyCount "65"]
[EventDate "1994.05.??"]
[EventType "tourn"]
[EventRounds "9"]
[EventCountry "ESP"]
[EventCategory "15"]
[SourceTitle "CBM 041"]
[Source "ChessBase"]
[SourceDate "1994.08.01"]
[SourceVersion "1"]
[SourceVersionDate "1994.08.01"]
[SourceQuality "1"]

1. e4 c5 2. Nf3 e6 3. d4 cxd4 4. Nxd4 Nf6 5. Nc3 Nc6 6. Ndb5 d6 7. Bf4 e5 8.
Bg5 a6 9. Na3 b5 10. Bxf6 gxf6 11. Nd5 Bg7 12. Bd3 Ne7 13. Nxe7 Qxe7 14. c3 f5
15. O-O (15. Nc2 Qb7 {Dolmatov,S-Topalov,V/CBM/39}) 15... O-O 16. Nc2 Rb8 $6 (
16... Bb7 $142 17. exf5 Qg5 18. f3 (18. Ne3 h5 $5 19. Be2 d5 20. Bf3 Rad8 21.
Qb3 e4 22. Be2 d4 23. cxd4 Rxd4 $44 {Topalov,V-Vaiser,A/Las Palmas/1992/})
18... d5 19. a4 e4 20. Be2 Be5 $132) 17. exf5 e4 18. Re1 Bxf5 19. Nd4 $1 (19.
Ne3 $5) 19... Bxd4 (19... Bg6 $2 20. Bxe4 $1 Bxe4 21. f3 d5 (21... f5 $2 22.
fxe4 fxe4 23. Nc6 $18) 22. fxe4 dxe4 23. Qg4 (23. Nc6 $2 Qc5+ $146) 23... Qc5
24. Kh1 Rb6 25. Nf5 Rg6 26. Qxe4 $18) 20. cxd4 d5 21. Qd2 Rb6 22. Qf4 $6 (22.
Bf1 Qh4 23. Re3 Rh6 24. Rg3+ Kh8 25. h3 $14 {><a6,c5,d5}) 22... Bg6 (22... Rf6
$2 23. Be2 Be6 24. Qh4 $16) 23. Be2 Qb4 $2 (23... Rc8 $5 24. Rac1 Rbc6 25. Rxc6
Rxc6 26. h4 f6 27. h5 Bf7 28. Bg4 $14 Qb4 $2 29. Re3 Qxd4 30. Qb8+ Kg7 31. Rg3
$18) 24. h4 (24. Qe5 $5) 24... f6 25. h5 Bf7 $2 (25... Be8 26. Rad1 Qxb2 27.
Bg4 f5 $1 28. Bxf5 Rbf6 29. g4 (29. Qg5+ Kh8 30. g4 Rxf5 31. gxf5 Rg8 $19)
29... Bxh5 $17) 26. Qg3+ Kh8 27. h6 Rg8 (27... Bg6 28. Qc7 $18) 28. Qc7 Qxd4
29. Rad1 Qe5 30. Qxb6 Rxg2+ 31. Kxg2 Qg5+ 32. Kf1 Qh4 33. Qb8+ 1-0